000 00284nam a22000857a 4500
008 15041b xxu||||| |||| 00| 0 eng d
020 _a978-0-14103340-2
_cAvailable
245 _aWhere Good Ideas Come From The Seven Patterns of Innovation
_cJohnson Steven
260 _aIndia
_bPenguin Books
_c2010
999 _c24775
_d24775